LEADER 00912nam0-22002771i-450- 001 990006791620403321 005 20131105132812.0 035 $a000679162 035 $aFED01000679162 035 $a(Aleph)000679162FED01 035 $a000679162 100 $a20010426d--------km-y0itay50------ba 101 0 $aita 105 $ay-------001yy 200 1 $aDistribution theory for tests based on the sample distribution function$fJ. Durbin 210 $aPhiladelphia$cSociety for industrial and applied mathematics$d1986. 215 $aVI, 66 p.$d25 cm 225 1 $aRegional conference series in applied mathematics$v9 700 1$aDurbin,$bJames$0251643 801 0$aIT$bUNINA$gRICA$2UNIMARC 901 $aBK 912 $a990006791620403321 952 $aVI E 525 (9)$b22309$fFSPBC 959 $aFSPBC 996 $aDistribution theory for tests based on the sample distribution function$9635432 997 $aUNINA